A world enclosed: tragedy

Guardado en:
Detalles Bibliográficos
Autores principales: Jewkes, W. T (Autor), Frye, Northrop (Autor)
Formato: Libro
Lenguaje:inglés
Publicado: Nueva York Harcourt Brace Jovanovich 1973
Colección:Literature Uses of the Imagination
Materias:
Etiquetas: Agregar Etiqueta
Sin Etiquetas, Sea el primero en etiquetar este registro!

MARC

LEADER 00000nam a2200000 a 4500
001 UCQ3681
003 CL-VaPUC
008 980821e19730000US |||||||||||||||||eng|d
082 0 4 |a 808.8  |b JEW  |2 21 
100 |a Jewkes, W. T  |e author  |9 417940 
700 0 |a Frye, Northrop  |e author  |9 417941 
245 1 2 |a A world enclosed: tragedy 
300 |a 301 p 
942 |c BK 
945 |d 19980821 00:00:00  |a crobeson 
260 |a Nueva York  |b Harcourt Brace Jovanovich  |c 1973 
650 7 |a TRAGEDIAS  |2 CL-VaPUC  |9 408839 
650 0 |a Cuentos  |9 308079 
650 0 |a Literatura  |9 259151 
650 0 |a Antologías  |9 309836 
583 |a last modification  |c 19980821 00:00:00  |k Rodrigo Vera 
490 0 |a Literature Uses of the Imagination 
999 |c 274197  |d 274195 
952 |0 0  |1 0  |4 0  |6 808_800000000000000_JEW_1973  |7 0  |8 A  |9 310308  |a BIBEDU  |b BIBEDU  |d 2019-11-20  |i 1457020  |o 808.8 JEW 1973  |p 1457020  |r 2019-11-20  |w 2019-11-20  |y BK  |k LIT 
952 |0 0  |1 0  |4 0  |6 808_800000000000000_JEW_1973  |7 0  |8 A  |9 310309  |a BIBEDU  |b BIBEDU  |d 2019-11-20  |i 1461400  |o 808.8 JEW 1973  |p 1461400  |r 2019-11-20  |w 2019-11-20  |y BK  |k LIT